|
|
|
|
| LEADER |
01235nam a2200241 i 4500 |
| 001 |
10019905 |
| 003 |
upatras |
| 005 |
20210117205356.0 |
| 008 |
881025t1984 gr gre |
| 952 |
|
|
|0 0
|1 0
|4 0
|6 Π_489_330000000000000_Γ
|7 0
|9 177622
|a LISP
|b LISP
|c BSC
|d 2016-04-24
|i 38855
|l 0
|o Π 489.33 Γ
|r 2016-04-24 00:00:00
|t 1
|v 2016.00
|w 2016-04-24
|y BKN
|
| 952 |
|
|
|0 0
|1 0
|2 ddc
|4 0
|6 Π_489_330000000000000_ΓΕΩ
|7 0
|9 177623
|a LISP
|b LISP
|c REF
|d 2016-04-24
|i 38856
|l 0
|o Π 489.33 ΓΕΩ
|p 025000001722
|r 2016-04-24 00:00:00
|t 2
|v 2016.00
|w 2016-04-24
|y BKN
|
| 999 |
|
|
|c 110223
|d 110223
|
| 020 |
|
|
|a 9602392991
|
| 040 |
|
|
|a GR-PaULI
|c GR-PaULI
|b gre
|e AACR2
|
| 041 |
0 |
|
|a gre
|
| 082 |
0 |
4 |
|a 489.33
|2 23
|
| 100 |
1 |
|
|a Γεωργοπαπαδάκος, Αναστάσιος,
|d 1911-1987
|9 133116
|e συγγραφέας
|
| 245 |
1 |
3 |
|a Το μεγάλο λεξικό της νεοελληνικής γλώσσας :
|b ερμηνευτικό ορθογραφικό μονοτονικό /
|c Αναστάσιος Γεωργοπαπαδάκος.
|
| 260 |
|
|
|a Αθήνα :
|b Μαλλίαρης-Παιδεία.
|c c1984.
|
| 300 |
|
|
|a viii, 1196 σ. ;
|c 24 εκ.
|
| 650 |
|
4 |
|a Ελληνική γλώσσα
|x Λεξικά
|9 98
|
| 942 |
|
|
|2 ddc
|c BKN
|
| 998 |
|
|
|c ΣΑΤΛΑΝΗΣ
|d 2019-03
|